000 00550cam a22001933a 4500
001 45285
003 PGUSA
005 20140828084035.0
008 140401s2014||||xxu|||||s|||||000 | eng d
040 _aPGUSA
_beng
042 _adc
245 1 4 _aThe Knickerbocker, Vol. 10, No. 3, September 1837
_h[electronic resource] /
_cVarious
260 _bProject Gutenberg,
_c2014
506 _aPublic domain in the USA.
516 _aElectronic text
830 0 _aProject Gutenberg
_v45285
856 4 0 _uhttp://www.gutenberg.org/ebooks/45285
942 _cEB
999 _c274536
_d274536